• 首页
  • 本馆介绍
  • 公告通知
  • 最新文献
  • 馆藏检索
  • 电子资源
  • 读者导购
  • 参考咨询
  • 我的图书馆
  • 登录
  • 详细信息显示
  • 放入我的书架
  • 预约/预借图书
  • 作者相关作品
  • 分类相关作品
  • 丛书相关作品
  • 出版社相关作品

书目信息

  • 表格格式
  • 工作单格式
  • 卡片格式
题名:
苏联外交秘闻
    
 
作者: 格里涅夫斯基 , 奥列格·格里涅夫斯基 著 ;门三姗 , 邢艳琦 , 韩英 , 李京洲 , 李京 译
分册:  
出版信息: 北京   东方出版社  2003
页数: 278页,[12]页图版
开本: 20cm
丛书名:
单 册:
中图分类: D851.29
科图分类:
主题词: 外交史--史料--苏联
电子资源:
ISBN: 7-5060-1649-4
000 01548nam0 2200337 450
001 TS2006018819
005 20061220091658.00
010    @a7-5060-1649-4@dCNY20.00
100    @a20060829d2003 ekmy0chiy0120 ea
101 1  @achi@crus
102    @aCN@b110000
105    @af z 000yy
200 1  @a苏联外交秘闻@ASu Lian Wai Jiao Mi Wen@f(俄)奥列格·格里涅夫斯基著@F(e)ao lie ge·ge li nie fu si ji zhu@g李京等译@Gli jing deng yi
210    @a北京@c东方出版社@d2003
215    @a278页,[12]页图版@c照片@d20cm
304    @a译者还有:邢艳琦、门三姗、韩英等。
305    @a本书根据俄罗斯“瓦格里乌斯”出版社2000年俄文译出。
306    @a本书中文版版权由中华版权代理总公司通过俄罗斯“瓦格里乌斯”出版社取得授权,由东方出版社独家出版。
330    @a本书讲述了20世纪70年代要美苏围绕中东问题展开的情报点、各国最高领导人的秘密会晤以及改变了世界面貌的一次革命和阴谋,首次披露了苏联出兵阿富汗这项可悲决定的炮制者、炮制过程以及做出该决定的原因,客观再现了当时生活和工作中的勃列日涅夫、安德罗波夫、乌斯季诺夫、葛罗米柯的形象,揭开了克里姆林宫就苏联最紧迫的外交问题的内幕。
333    @a读者对象:一般读者。
606    @a外交史@x史料@y苏联
690    @aD851.29@v4
701  1 @a格里涅夫斯基@AGe Li Nie Fu Si Ji@b奥列格@4著
701  0 @a奥列格·格里涅夫斯基@Aao lie ge·ge li nie fu si ji@4著
702  0 @a门三姗@AMen San Shan@4译
702  0 @a邢艳琦@AXing Yan Qi@4译
702  0 @a韩英@AHan Ying@4译
702  0 @a李京洲@ALi Jing Zhou@4译
702  0 @a李京@Ali jing@4译
801  0 @aCN@b中图数据@c20061220
905    @a10447@dD851.29@e48
    
    苏联外交秘闻/(俄)奥列格·格里涅夫斯基著/李京等译.-北京:东方出版社,2003
    278页,[12]页图版:照片;20cm
    使用对象:读者对象:一般读者。
    
    ISBN 7-5060-1649-4:CNY20.00
    本书讲述了20世纪70年代要美苏围绕中东问题展开的情报点、各国最高领导人的秘密会晤以及改变了世界面貌的一次革命和阴谋,首次披露了苏联出兵阿富汗这项可悲决定的炮制者、炮制过程以及做出该决定的原因,客观再现了当时生活和工作中的勃列日涅夫、安德罗波夫、乌斯季诺夫、葛罗米柯的形象,揭开了克里姆林宫就苏联最紧迫的外交问题的内幕。
●
相关链接 在E读中查询图书 在五车中查询图书 在当当中查询图书 在豆瓣中查询图书


正题名:苏联外交秘闻     索取号:D851.29/48         预约/预借

序号 登录号 条形码 馆藏地/架位号 状态 备注
1 0613110   206131103   第一样本阅览室/ [索取号:D851.29/48] 在馆    
2 0613111   206131112   第一借阅区/ [索取号:D851.29/48] 在馆    
3 0613112   206131121   第一借阅区/ [索取号:D851.29/48] 在馆    
4 0613113   206131130   第一借阅区/ [索取号:D851.29/48] 在馆    
5 0613114   206131149   第一借阅区/ [索取号:D851.29/48] 在馆    
唐山师范学院图书馆 欢迎您!
大连网信软件有限公司© 版权所有